Statystyki dla Najlepsi raperzy według wieku

Kliknij tutaj aby rozwiązać quiz!

Ogólne statystyki

  • Ten quiz został rozwiązany 114 razy
  • Średni wynik to 3 z 15

Statystyki odpowiedzi

ZagadnienieOdpowiedź% Poprawnych
Szpaku24
38%
Beteo24
33%
Multi24
30%
White 211524
29%
Quebonafide24
26%
Żabson24
23%
Reto24
21%
Tede24
17%
Grubson24
16%
Paluch24
15%
Białas24
11%
Cheatz24
10%
Oki24
9%
Qry24
7%
Zeamsone24
7%

Rozkład punktacji

Percentyl według liczby udzielonych odpowiedzi

Procent ludzi z każdym wynikiem

Twoja historia wyników

Nie rozwiązałeś tego quizu